Maths : Soustractions - Statistiques

Statistiques générales
  • Ce quiz a été pris 1 845 fois
  • Le résultat moyen est 12 sur 15
Statistiques - réponses
Calcul Différence % Correct
9090 - 9089 1
99%
34 - 30 4
99%
3,7 - 7,7 -4
99%
999 - 888 111
95%
34 - 3,0 31
94%
60 - 20 40
90%
56 - (-44) 100
87%
94 - (100 - 6) 0
84%
673 - 603 70
80%
1234 - 234 1000
77%
490 - 49 441
75%
45 - 98 -53
71%
23 - 89 -66
62%
934 - 678 256
42%
5960 - 596 5364
34%
Aucun quiz correspondant
Distribution des résultats
% des personnes avec chaque résultat
Percentile par nombre de réponses
Votre historique - résultats
Vous n’avez pas pris ce quiz